Addressing parental accommodation when treating anxiety in children /

Bibliographic Details
Main Author: Lebowitz, Eli R. (Author)
Corporate Author: EBSCOhost
Format: eBook
Language:English
Published: New York, NY : Oxford University Press, [2019]
Series:ABCT clinical practice series
Subjects:
Online Access:Connect to the full text of this electronic book

MARC

Tag First Indicator Second Indicator Subfields
LEADER 00000cam a2200000 i 4500
001 in00004001981
005 20191219081252.0
006 m o d
007 cr |||||||||||
008 190320s2019 nyua ob 001 0 eng
010 |a  2019013563 
020 |a 9780190869991  |q electronic book 
020 |a 0190869992  |q electronic book 
020 |a 9780190870003  |q electronic book 
020 |a 0190870001  |q electronic book 
020 |z 9780190869984  |q paperback  |q alkaline paper 
024 8 |a 99981432511 
035 |a (DLC)EBSCO2194736 
040 |a NhCcYBP  |c NhCcYBP  |d UtOrBLW 
042 |a pcc 
050 4 |a BF723.A5  |b L392 2019 
082 0 0 |a 155.4/1246  |2 23 
100 1 |a Lebowitz, Eli R.,  |e author.  |0 http://id.loc.gov/authorities/names/n2012078944 
245 1 0 |a Addressing parental accommodation when treating anxiety in children /  |c Eli R. Lebowitz. 
264 1 |a New York, NY :  |b Oxford University Press,  |c [2019] 
300 |a 1 online resource. 
336 |a text  |b txt  |2 rdacontent 
337 |a computer  |b n  |2 rdamedia 
338 |a online resource  |b cr  |2 rdacarrier 
490 0 |a ABCT clinical practice series 
504 |a Includes bibliographical references and index. 
505 0 |a About the author -- Family accommodation: how, what, and why -- Introduction to accommodation of child anxiety -- Why parents accommodate -- Theoretical basis and mechanisms of action -- Why accommodation matters : negative impact of parent accommodation -- Reducing accommodation to treat child anxiety -- Dealing with accommodation in child anxiety treatment -- Assessing family accommodation -- Addressing accommodation -- Parental support : an alternative to family accommodation -- Planning how parents will reduce accommodation -- Obstacles to addressing accommodation -- Case examples : addressing family accommodation within child therapy -- Teenager with generalized anxiety disorder -- Child with separation anxiety disorder -- Case examples : addressing family accommodation as stand-alone treatment -- Teenager with social phobia -- Extreme accommodation of a child with ocd and coercive behaviors -- Appendix A -- Appendix B -- References -- Index. 
588 |a Description based on online resource; title from digital title page (viewed on July 26, 2019). 
500 |a Electronic resource. 
650 0 |a Anxiety in children.  |0 http://id.loc.gov/authorities/subjects/sh85005839 
650 0 |a Anxiety  |x Treatment.  |0 http://id.loc.gov/authorities/subjects/sh2007101187 
650 0 |a Adjustment (Psychology)  |0 http://id.loc.gov/authorities/subjects/sh85000892 
655 7 |a Electronic books.  |2 local 
710 2 |a EBSCOhost. 
776 1 8 |i Print version:  |a Lebowitz, Eli R., author.  |t Addressing parental accommodation when treating anxiety in children  |d New York : Oxford University Press, [2019]  |z 9780190869984  |w (DLC) 2019004683 
856 4 0 |u http://proxy.library.tamu.edu/login?url=http://search.ebscohost.com/login.aspx?direct=true&scope=site&db=nlebk&db=nlabk&AN=2194736  |z Connect to the full text of this electronic book  |t 0 
955 |a YBP purchased approval e-records 
980 |b 239.70  |g 1 
987 |a ybp300699274 
999 f f |s f82a85b3-d227-35bf-851e-6511b91627f3  |i 94a8cb9a-7e0d-3105-b2f4-84eaa627e92c  |t 0 
952 f f |a Texas A&M University  |b College Station  |c Electronic Resources  |d Available Online  |t 0  |e BF723.A5 L392 2019  |h Library of Congress classification 
998 f f |a BF723.A5 L392 2019  |t 0  |l Available Online